00522nam a22001817a 4500020001800000082001400018100001700032245004700049250001200096260003200108300001000140650002000150650002500170650001500195942000700210999001900217952010400236 a9789364875714 aM3bVIN/P aVinoy Thomas aProthaseesinte ithihasam/cby Vinoy Thomas a5th ed. aKottayam:bDC Books,c2025. a143p. aNovel Malayalam aLiterature Malayalam aLiterature cBK c181848d181848 00104070aSSUSbSSUScSTACKSd2026-05-26g199.00l0oM3 VIN/Pp108937r2026-05-26w2026-05-26yBK